00533nam a22001697a 450000500170000001000270001702000260004403500130007003500140008303700130009708200120011024500970012226000360021927000550025530000240031070000290033420230210164413.0 aENG-115146 ENG-136013 a9789385755910c399.00 aEN-98678 aEN-119545 bDBAD/PUB a808.883 aHouse spirit :bdrinking in India stories, essays poems /cedited by Palash Krishna Mehrotra aNew DelhibSpeaking Tigerc2016 a4381/4 Ansari Road, Daryaganj,bNew Delhi e110002 aix,276p.c22cm(pbk) aMehrotra, Palash Krishna